000 00203 a2200097 4500
001 47295
100 _aMccloughry E
245 _aDefence
260 _aLondon
_bAtlantic books
_c
090 _c30334
_d30334
942 _aNUST-CAE
_cM
_c22597
999 _c282368
_d282368